00854nam a2200241Ia 4500008004100000040001800041041000800059060000900067100001900076245014100095260005800236300003300294500005900327504003000386650001500416650001700431650001700448650002900465650001200494700002500506700002300531765005800554130821s1978 ag a gr spa  aCo-BoUCMbspa00aspa00aQS 41 aBouchet, Alain10aAnatomía descriptiva, topográfica y funcional sistema nervioso centralcAlain Bouchet ; Jacques Cuilleret ; traductor, Ernesto Brik aBuenos Aires (Argentina)bMédica Panamericanac1978 a328 páginasbilustraciones aLibro disponible en 48 horas a partir de la solicitud. aIncluye índice general.04aAnatomía04aFisiología04aNeurología04aSistema nervioso central04aTórax1 aBrik, Ernestoetrad.1 aCuilleret, Jacques aAnatomie :Descriptive, topographique et fonctionnelle